000 00692nam a2200205Ia 4500
003 OSt
005 20250829121702.0
008 210210b2000 xxu||||| |||| 00| 0 eng d
040 _cAL
041 _aKannada
082 _a781.75487K RAMM
100 _aRAMRATNAM (V).
_dರಾಮರತ್ನಂ (ವಿ)
_9237610
245 _aMysuru Odeyaru mattu Karnataka sangita.
_b ಮೈಸೂರು ಒಡೆಯರು ಮತ್ತು ಕರ್ನಾಟಕ ಸಂಗೀತ.
260 _aBengaluru.
_bKannada Pustaka Pradikara.,
_c2000
300 _axvi,228
650 _aMaisuru Mysore Karnataka Sangita Music Odeyaru
_9237611
690 _aMusic
_9237612
906 _a056702
942 _2ddc
_cBK
999 _c104408
_d104408